| 000 | 00732nam a2200241 a 4500 | ||
|---|---|---|---|
| 001 | 5995 | ||
| 003 | CDMR | ||
| 005 | 20140301191801.0 | ||
| 008 | 130220s2005||||||||||||||||||||||||||||d | ||
| 020 | _a8496364372 | ||
| 040 |
_aCDMR _bcat _cCDMR |
||
| 100 | 1 |
_aWoodward, Bob _92998 |
|
| 245 | 1 | 3 |
_aEl hombre secreto _cBob Woodward |
| 246 | 4 | _aLa verdadera historia de Garganta Profunda | |
| 260 |
_aBarcelona _bInédita _c2005 |
||
| 300 |
_a187 p ; _c17 cm |
||
| 490 | 0 | _aHistoria Inédita | |
| 505 | _aConté: La valoración de un periodista / por Carl Bernstein | ||
| 650 | 0 | 4 |
_9797 _aReportatges literaris |
| 650 | 0 | 4 |
_94228 _aEstats Units d'Amèrica _xPolítica i govern |
| 650 | 0 | 4 |
_93765 _aCorrupció política |
| 942 |
_cMON _2udc |
||
| 999 |
_c5995 _d5995 |
||